Medicinal plants / (Record no. 40619)

MARC details
000 -LEADER
fixed length control field 00732 a2200205 4500
005 - DATE AND TIME OF LATEST TRANSACTION
control field 20100810101119.0
010 ## - LCCN (DPL NO)
LC control number ENG-99286
020 ## - INTERNATIONAL STANDARD BOOK NUMBER
Terms of availability 100.00
International Standard Book Number 8187299258
035 ## - SYSTEM CONTROL NUMBER
System control number EN-82818
037 ## - SOURCE OF ACQUISITION
Source of stock number/acquisition DBAD/PUB
082 ## - DEWEY DECIMAL CLASSIFICATION NUMBER
Classification number 581.634
100 ## - MAIN ENTRY--PERSONAL NAME
Personal name Sheela, R.
245 ## - TITLE STATEMENT
Title Medicinal plants /
Statement of responsibility, etc by R. Sheela
260 ## - PUBLICATION, DISTRIBUTION, ETC. (IMPRINT)
Place of publication, distribution, etc Pudhucherry
Name of publisher, distributor, etc Pudhucherry Co-operative Book Society
Date of publication, distribution, etc 2008
270 ## - ADDRESS
Address P.653 17, 14th Street, Krishna Nagar
City Pudhucherry
Postal code 605008
300 ## - PHYSICAL DESCRIPTION
Extent viii, 112 p. :
Dimensions 22cm.(Pbk)
Other physical details ill.
700 ## - ADDED ENTRY--PERSONAL NAME
9 (RLIN) 9757
942 ## - ADDED ENTRY ELEMENTS (KOHA)
Institution code [OBSOLETE] dpl
Item type English Books
Source of classification or shelving scheme Dewey Decimal Classification
Call number suffix SHE
Classification part 581.634
Holdings
Withdrawn status Lost status Not for loan Collection code Home library Current library Date acquired Cost, normal purchase price Full call number Barcode Copy number Cost, replacement price Koha item type
    Not For Loan Non-fiction D.B.Act.Division D.B.Act.Division 10/08/2010 100.00 581.634 SHE EN-82818 1 100.00 English Books

© Delhi Public Library
Hit Counter
free hit counter